Management of Intellectual Property - Selected Issues I
Salvato in:
| Autore principale: | |
|---|---|
| Altri autori: | , |
| Natura: | Libro |
| Lingua: | inglese |
| Pubblicazione: |
Praha
TopSmart Business
2020
|
| Edizione: | 1st Edition |
| Soggetti: | |
| Tags: |
Nessun Tag, puoi essere il primo ad aggiungerne!!
|
MARC
| LEADER | 00000nam a2200000 4500 | ||
|---|---|---|---|
| 001 | 0271856 | ||
| 005 | 20240530064656.3 | ||
| 020 | |a 978-80-908106-2-4 | ||
| 041 | 0 | |a eng | |
| 044 | |a CZ | ||
| 245 | 1 | 0 | |a Management of Intellectual Property - Selected Issues I |c Martin Matušovič ; Reviewers: Peter Veselý, Vincent Karovič |
| 250 | |a 1st Edition | ||
| 264 | 1 | |a Praha |b TopSmart Business |c 2020 | |
| 300 | |a 117 s. [4,93 AH] | ||
| 610 | 2 | 0 | |a manažment |
| 610 | 2 | 0 | |a vlastníctvo duševné |
| 610 | 2 | 0 | |a vedomosti |
| 610 | 2 | 0 | |a podnik |
| 610 | 2 | 0 | |a regulácia |
| 100 | 1 | |a Matušovič, Martin | |
| 700 | 1 | |a Veselý, Peter | |
| 700 | 1 | |a Karovič, Vincent | |